コジコジとそのクラスメイトたち - Statistics

General Stats
  • This quiz has been taken 3 times
  • The average score is 9 of 28
Answer Stats
種族 名前 % Correct
宇宙生命体 コジコジ
100%
半魚鳥 次郎
100%
やかん科 やかん君
100%
カメの精 カメ吉
100%
人間 ジョニー
100%
頭花族 頭花君
50%
太陽の城の王 ゲラン
50%
雷の城の王 ドーデス
50%
お正月の精 正月君
50%
天使 ルル
50%
お天気の神様 ハレハレ君
50%
てるてる坊主 テル子
50%
かぜの子供 フー
50%
雪だるま コロ助
0%
天使 吾作
0%
ナゾ怪人 スージー
0%
悪魔 ブヒブヒ
0%
光のつぶ ペロちゃん
0%
北風こぞう ごうた
0%
神社の神様 うめばち姫
0%
トミー
0%
曲芸師 ゾラ
0%
けむりの精 ムーア
0%
かぜの子供 ピロロ
0%
うさぎの精 うさ子
0%
タヌキ タヌキ君
0%
おかめ族 おかめちゃん
0%
おにぎり星人 カツブー
0%
No matching quizzes found
Score Distribution
Percent of People with Each Score
Percentile by Number Answered
Your Score History
You have not taken this quiz